Autosalón a autoservis

Saved in:
Bibliographic Details
Main Author: Holbusová, Michaela (Author)
Other Authors: Bielek, Boris (Thesis advisor)
Format: Manuscript Book
Language:Slovak
Published: 2024
Subjects:
Online Access:http://is.stuba.sk/zp/portal_zp.pl?podrobnosti=179463
https://opac.crzp.sk/?fn=detailBiblioForm&sid=AA0D9432EF6DE826CD12194F11D3
Tags: Add Tag
No Tags, Be the first to tag this record!

MARC

LEADER 00000ntm a22000003a 4500
001 stuzp98868
003 SK-STU
005 20240920104931.9
007 ta
008 150427s2015----xo-----f-mn---000-0-slo-d
040 |a STU  |b slo 
041 0 |a slo 
100 1 |a Holbusová, Michaela  |u 010180  |4 aut  |U SvF Stavebná fakulta  |T SvF Katedra konštrukcií pozemných stavieb  |X 81258  |U V180  |Y 18  |7 81258 
242 0 1 |a Car showroom and Car service  |y eng 
245 1 0 |a Autosalón a autoservis 
260 |c 2024 
650 4 |a skeletový nosný systém  |2 slo 
650 4 |a izolačné sendvičové panely  |2 slo 
650 4 |a KALZIP  |2 slo 
650 4 |a autosalón  |2 slo 
650 4 |a car showroom  |2 eng 
650 4 |a skeleton support system  |2 eng 
650 4 |a insulating sandwich panels  |2 eng 
650 4 |a KALZIP  |2 eng 
700 1 |a Bielek, Boris  |u 010180  |k Z1  |4 ths  |U SvF Stavebná fakulta  |T SvF Katedra konštrukcií pozemných stavieb  |X 4303  |U V180  |Y 18  |7 A000004303 
856 4 |u http://is.stuba.sk/zp/portal_zp.pl?podrobnosti=179463 
856 4 |u https://opac.crzp.sk/?fn=detailBiblioForm&sid=AA0D9432EF6DE826CD12194F11D3